000 00435nam a2200181Ia 4500
001 10557
005 20260306161841.0
008 260306t2013||||xx |||||||||||||| ||spa||
041 _aESP
082 _a940.252
_bH29
100 _aHazard, Paul
_eAUT
245 4 _aThe crisis of the european mind:
_b1680-1715
260 _c2013
300 _a454 páginas :
_c20 cm.
650 _aGEN
654 _aCHU
942 _cLIB
_dJUS
_fJUS
_2ddc
_n
999 _c10557
_d10557